000 01388nam a22003497a 4500
001 03589
003 HDC
007 cr bn ---aaaaa
008 210111t2016 flu||||| |||| 00| 0 eng
020 _a1-56670-563-0
040 _aHDC
100 _aDonnelly, John R.
_eauthor
_919260
245 0 _aAgricultural System Models In Field Research And Technology Transfer. Chapter 2 :
_bForage-Livestock Models for the Australian Livestock Industry / by
_cJohn R. Donnelly, Richard J. Simpson, Libby Salmon, Andrew D. Moore, Michael Freer and Hugh Dove
260 _a Boca Raton, Florida:
_bCRC Press,
_c2016
300 _a24 pages
336 _atext
_2rdacontent
337 _acomputer
_2rdamedia
338 _aonline resource
_2rdacarrier
500 _aIncludes bibliographical references
650 _aAgricultural System
_93107
650 _aForage-Livestock Models
_93117
650 _aLivestock Industry
_zAustralia
_93116
700 _aDove, Hugh
_eauthor
_93122
700 _aFreer, Michael
_eauthor
_93121
700 _aMoore, Andrew D.
_eauthor
_93120
700 _aSalmon, Libby
_eauthor
_93119
700 _aSimpson, Richard J.
_eauthor
_93118
856 _zRequest full-text at [email protected]
942 _2lcc
942 _cCHAP
942 _kEBCH 001621
999 _c925
_d925